| 000 | 01911nam0a2200361 4500 | ||
|---|---|---|---|
| 001 | RU\NLR\BIBL_A\011617576 | ||
| 005 | 20260408205058.0 | ||
| 010 |
_a9785893148343 _9100 |
||
| 021 |
_aRU _b2017-102634 _97408 |
||
| 035 | _a(RuMoRGB)009505963 | ||
| 035 | _a(NLR Aleph) 011617576 | ||
| 090 |
_a10968032 _c10968032 |
||
| 100 | _a20180202d2017 k y0rusy50 ca | ||
| 101 | 0 | _arus | |
| 102 | _aRU | ||
| 105 | _ay z 0 y | ||
| 200 | 1 |
_aРазвитие познавательной активности у студентов в процессе внеаудиторной деятельности: определение, сущность, структура, организация внеаудиторной деятельности _eмонография _fЛ. В. Иванникова _gФилиал государственного бюджетного образовательного учреждение высшего образования "Ставропольский государственный педагогический институт" в г. Буденновске |
|
| 210 |
_aБуденновск _aПятигорск _cРИА-КМВ _d2017 |
||
| 215 |
_a123 с. _d20 |
||
| 320 | _aБиблиогр.: с. 107-123 | ||
| 606 |
_aВысшие учебные заведения _xВнеаудиторная работа _92312348 _3RU\NLR\AUTH\661383851 |
||
| 606 |
_aСтуденты _xПознавательные интересы _xРазвитие _92139290 _3RU\NLR\AUTH\661594058 |
||
| 610 | 0 | _aпознавательная активность студентов | |
| 610 | 0 | _aвнеаудиторная работа студентов | |
| 686 |
_aЧ481,6(2)221,0 _2rubbk |
||
| 686 |
_aЧ481,6(2)38,0 _2rubbk |
||
| 686 | 1 | _aЧ481.2 | |
| 686 | 1 | _aЧ481.38 | |
| 700 | 1 |
_aИванникова _bЛ. В. |
|
| 942 | _cBOOK | ||
| 980 | _aNBR | ||